Enciclopedia de la Mitología: dioses y héroes de las mitologías griega, romana y germánica

保存先:
書誌詳細
第一著者: Gascó Contell, Emilio (著者)
フォーマット: 図書
言語:スペイン語
出版事項: Madrid Afrodisio Aguado 1967
版:1a. ed
シリーズ:Enciclopedias Afrodísio Aguado, E.3
主題:
タグ: タグ追加
タグなし, このレコードへの初めてのタグを付けませんか!

MARC

LEADER 00000cam a2200000 a 4500
001 UCE7434
003 CL-VaPUC
008 150612e19670000sp |||||||||||||||||spa|d
082 0 4 |a 292.3  |b GAS  |2 21 
100 |a Gascó Contell, Emilio  |e author  |9 580108 
245 1 0 |a Enciclopedia de la Mitología: dioses y héroes de las mitologías griega, romana y germánica 
250 |a 1a. ed 
300 |a 220 p 
942 |c BK 
945 |d 20150612 13:50:00  |a dcastane 
260 |a Madrid  |b Afrodisio Aguado  |c 1967 
650 0 |a Mitología griega   |9 265313 
650 7 |a MITOLOGIA ROMANA  |2 CL-VaPUC  |9 265213 
650 0 |a Diccionarios  |9 256200 
583 |a last modification  |c 20150619 03:14:26  |k Rodrigo Vera 
490 0 |a Enciclopedias Afrodísio Aguado, E.3 
999 |c 359529  |d 359527 
952 |0 0  |1 0  |3 erd  |4 0  |6 292_300000000000000_GAS_1967  |7 0  |8 F  |9 468733  |a BIBARQ  |b BIBARQ  |i 516351K  |o 292.3 GAS 1967  |p 516351K  |r 2025-01-20  |w 2019-11-23  |y BK_F  |z Catalogado en:20150612  |k ARQ